Tales of the sun or folklore of southern India / (Record no. 52845)

MARC details
000 -LEADER
fixed length control field 00568nam a2200205Ia 4500
005 - DATE AND TIME OF LATEST TRANSACTION
control field 20260429112209.0
008 - FIXED-LENGTH DATA ELEMENTS--GENERAL INFORMATION
fixed length control field 260429s9999||||xx |||||||||||||| ||und||
020 ## - INTERNATIONAL STANDARD BOOK NUMBER
International Standard Book Number 9789387826502
041 ## - LANGUAGE CODE
Language English
082 ## - DEWEY DECIMAL CLASSIFICATION NUMBER
Classification number 398.209
Item number KIN
100 ## - MAIN ENTRY--PERSONAL NAME
Personal name Kingscote, Howard
245 #0 - TITLE STATEMENT
Title Tales of the sun or folklore of southern India /
Statement of responsibility, etc Howard Kingscote
250 ## - EDITION STATEMENT
Edition statement 1st ed.
260 ## - PUBLICATION, DISTRIBUTION, ETC. (IMPRINT)
Place of publication, distribution, etc Chennai :
Name of publisher, distributor, etc MJP Publishers ,
Date of publication, distribution, etc 2025.
300 ## - PHYSICAL DESCRIPTION
Extent 227 p.; hb
650 ## - SUBJECT ADDED ENTRY--TOPICAL TERM
Topical term or geographic name as entry element South India-Folklore
650 ## - SUBJECT ADDED ENTRY--TOPICAL TERM
Topical term or geographic name as entry element Folklore-India
700 ## - ADDED ENTRY--PERSONAL NAME
Personal name Sastri, Pandit Natesa
942 ## - ADDED ENTRY ELEMENTS (KOHA)
Koha item type Text Books
Holdings
Withdrawn status Lost status Damaged status Not for loan Collection code Home library Location Shelving location Date of Cataloging Source of acquisition Total Checkouts Full call number Barcode Date last seen Price effective from Koha item type
        Non-fiction CUTN Central Library CUTN Central Library Social Sciences 29/04/2026 Tamilnadu Book House, Chennai - Invoice No. IN/73 on 17-02-2026   398.209 KIN 57971 29/04/2026 29/04/2026 Text Books